Detalles MARC
| 000 -ENCABEZADO |
| Número de control [NR] |
02004nam a2200265Ia 4500 |
| 005 - FECHA Y HORA DE LA ÚLTIMA TRANSACCIÓN |
| control field |
20230130091744.0 |
| 008 - DE LONGITUD FIJA DE DATOS DE ELEMENTOS - INFORMACIÓN GENERAL |
| Elementos de longitud fija [NR] |
130821s2004 xxu gs eng |
| 040 ## - FUENTE DE CATALOGACION [NR] |
| Agencia de catalogación original [NR] |
Co-BoUCM |
| Idioma de catalogación [NR] |
spa |
| Quien Cataloga |
Deissy Garcia (modificó) |
| Quien Clasifica |
[Nuevo] |
| 041 00 - CODIGO DE IDIOMA [R] |
| Código de idioma para texto/pista de sonido o título separado [R] |
Inglés |
| 092 ## - SIGNATURA TOPOGRAFICA LOCAL |
| Número de clasificación local |
DVD 0657 |
| 245 00 - MENCION DE TITULO [NR] |
| Título [NR] |
Eternal sunshine of the spotless mind |
| Mención de responsabilidad, etc. [NR] |
dirección Michel Gondry |
| Medio físico [NR] |
[DVD] |
| 260 ## - PUBLICACION, DISTRIBUCION, ETC. (PIE DE IMPRENTA) [R] |
| Lugar de publicación, distribución, etc. [R] |
Washington D.C. (Estados Unidos) |
| Nombre del editor, distribuidor, etc. [R] |
Focus Features |
| Fecha de publicación, distribución, etc. [R] |
2004 |
| 300 ## - DESCRIPCION FISICA [R] |
| Extensión [R] |
1 DVD |
| 508 ## - NOTA DE CREDITOS DE CREACION/PRODUCCION [R] |
| Nota de créditos de creación/producción [NR] |
DIRECTOR Michel Gondry ; GUIÓN Charlie Kaufman (Historia: Charlie Kaufman, Michel Gondry, Pierre Bismuth) ; FOTOGRAFÍA Ellen Kuras |
| 511 ## - NOTA DE PARTICIPANTE O INTERPRETE [R] |
| Nota de participante o intérprete [NR] |
Jim Carrey, Kate Winslet, Kirsten Dunst, Mark Ruffalo, Elijah Wood, Tom Wilkinson, Thomas Jay Ryan, Gerry Robert Byrne, Jane Adams, David Cross, Ryan Whitney |
| 520 ## - NOTA DE RESUMEN, ETC. [R] |
| Nota de sumario, etc. [NR] |
Joel (Jim Carrey) se queda asombrado y aturdido cuando se entera de que su novia Clementine (Kate Winslet) ha borrado de su cerebro los recuerdos de su tumultuosa relación. Desesperado, Joel se pone en contacto con el inventor del proceso, el doctor Howard Mierzwiak (Tom Wilkinson) para eliminar cualquier recuerdo de Clementine de su propia memoria. Pero resulta que, mientras los recuerdos desaparecen, renace en Joel su pasión inicial. |
| 546 ## - NOTA DE IDIOMA [R] |
| Nota de idioma [NR] |
Audio en inglés y francés ; subtítulos español, francés |
| 586 ## - NOTA DE PREMIOS [R] |
| Nota de premios [NR] |
2004: 1 Oscar: Mejor guión original. 2 nominaciones 2004: 4 nominaciones al Globo de Oro, incluyendo mejor película comedia o musical 2004: BAFTA: Mejor montaje, guión original. 6 nominaciones 2004: Nominada al Cesar: Mejor película extranjera 2004: National Board of Review: Mejor guión original (Charlie Kaufman) 2004: Toronto: Mejor director (Michel Gondry), guión original |
| 650 04 - ASIENTO SECUNDARIO DE MATERIA - TERMINO TEMATICO [R] |
| Término temático o nombre geográfico como elemento de entrada [NR] |
Amor en el cine |
| Subdivisión de forma [R] |
DVD |
| 9 (RLIN) |
57043 |
| 650 04 - ASIENTO SECUNDARIO DE MATERIA - TERMINO TEMATICO [R] |
| Término temático o nombre geográfico como elemento de entrada [NR] |
Entretenimiento |
| 9 (RLIN) |
26487 |
| 650 04 - ASIENTO SECUNDARIO DE MATERIA - TERMINO TEMATICO [R] |
| Término temático o nombre geográfico como elemento de entrada [NR] |
Memoria |
| Subdivisión de forma [R] |
DVD |
| 9 (RLIN) |
19277 |
| 700 1# - ASIENTO SECUNDARIO - NOMBRE PERSONAL [R] |
| 9 (RLIN) |
176651 |
| Nombre personal [NR] |
Gondry, Michel |
| Término de relación [R] |
director |
| 856 04 - LOCALIZACION Y ACCESO ELECTRONICOS [R] |
| Identificador Uniforme del Recurso (“URI”) [R] |
<a href="http://www.youtube.com/watch?v=lnSgSe2GzDc">http://www.youtube.com/watch?v=lnSgSe2GzDc</a> |
| Nota dirigida al público [R] |
Siga este vínculo para ver el trailer. |
| 942 ## - ELEMENTOS DE ENTRADA AGREGADOS (KOHA) |
| Tipo de ítem principal el descrito en 300a |
Multimedia |
| Sistema de clasificación |
LOCAL |
| Tema principal |
Entretenimiento |
| Edición |
1 |
| Clasificación |
|
| Parte restante de la signatura top. |
|
| Título oculto en OPAC |
No |